000 00572nam a2200205Ia 4500
005 20250923145125.0
008 008 250917s9999 xx 000 0 eng d
037 _aTextual
040 _aDSWL
_beng
_cDSWL
041 _aeng
_2eng
084 _aX:9.448211, N68
_qDSWL
100 _aVaid, K.N.
_9831993
245 0 _aNew worker a study at kota
_cby K.N. Vaid
260 _aLondon
_bAsia Publiing House
_c1968
300 _a154 p.
365 _aINR
_b20
925 _g20
942 _cTEXL
_hX:9.448211, N68
999 _c1447431
_d1447431